[Event "HUN-chT2 Breyer 0809"]
[Site "Hungary"]
[Date "2009.02.22"]
[Round "8"]
[White "Gyurkovics, Bence"]
[Black "Bader, Levente"]
[Result "1-0"]
[WhiteElo "2158"]
[BlackElo "2150"]
[PlyCount "83"]
[EventDate "2008.10.26"]
[EventType "team-tourn"]
[EventRounds "11"]
[EventCountry "HUN"]
[SourceTitle "EXT 2010"]
[Source "ChessBase"]
[SourceDate "2010.11.25"]
[SourceVersion "1"]
[SourceVersionDate "2010.11.25"]
[SourceQuality "1"]
[WhiteTeam "Gyor Komszomol"]
[BlackTeam "Zsambek"]
[WhiteTeamCountry "HUN"]
[BlackTeamCountry "HUN"]

1. d4 Nf6 2. c4 g6 3. Nf3 Bg7 4. Nc3 d6 5. e4 0-0 6. Be2 e5 7. 0-0 Nc6 8. d5 Ne7 9. Ne1 Nd7 10. Be3 f5 11. f3 Nf6 12. Nd3 f4 13. Bf2 g5 14. g4 fxg3 15. hxg3 Ng6 16. Be3 Nh5 17. Kh2 Bd7 18. Rh1 Bf6 19. Kg2 Nhf4+ 20. gxf4 gxf4 21. Bf2 Bh4 22. Bxh4 Nxh4+ 23. Kf2 Kh8 24. Rh2 Rg8 25. Qh1 Rg2+ 26. Rxg2 Nxg2 27. Rg1 Ne3 28. Qh6 Qe7 29. b3 Rf8 30. Qg5 Qf7 31. Nd1 Nc2 32. Ne1 Nd4 33. Bd3 Re8 34. Nc2 Nxc2 35. Bxc2 Qf8 36. Bd3 Re7 37. Bf1 Rf7 38. Ke1 Rf6 39. Rh1 Be8 40. Nf2 Rg6 41. Qd8 Qf7 42. Bh3 1-0

[Event "HUN-chT2 Breyer 0809"]
[Site "Hungary"]
[Date "2009.02.08"]
[Round "7"]
[White "Bokros, Albert"]
[Black "Bader, Levente"]
[Result "1-0"]
[WhiteElo "2477"]
[BlackElo "2150"]
[PlyCount "112"]
[EventDate "2008.10.26"]
[EventType "team-tourn"]
[EventRounds "11"]
[EventCountry "HUN"]
[SourceTitle "EXT 2010"]
[Source "ChessBase"]
[SourceDate "2010.11.25"]
[SourceVersion "1"]
[SourceVersionDate "2010.11.25"]
[SourceQuality "1"]
[WhiteTeam "Tatai Honved"]
[BlackTeam "Zsambek"]
[WhiteTeamCountry "HUN"]
[BlackTeamCountry "HUN"]

1. e4 c5 2. Nf3 d6 3. d4 cxd4 4. Nxd4 Nf6 5. f3 Nc6 6. c4 e6 7. Nc3 a6 8. Be2 Be7 9. Be3 Qc7 10. Rc1 Ne5 11. 0-0 0-0 12. Qe1 b6 13. Qf2 Bb7 14. b3 Rac8 15. Rfd1 Bd8 16. g4 Qb8 17. g5 Nfd7 18. h4 Bc7 19. h5 Nc6 20. Nc2 f5 21. gxf6 Nxf6 22. Qh4 Rce8 23. Qh3 Bc8 24. f4 d5 25. e5 Nxe5 26. fxe5 Bxe5 27. Na4 Bc7 28. Qg2 Ne4 29. Nd4 Bg3 30. Rf1 Qe5 31. Rf3 Bb7 32. c5 b5 33. c6 Bc8 34. Nb6 Qd6 35. Nxc8 Rxc8 36. Qh3 Rfe8 37. a4 bxa4 38. bxa4 Be5 39. Qg2 Bxd4 40. Bxd4 e5 41. Bxa6 exd4 42. Bxc8 Rxc8 43. Qg4 Rc7 44. Rcf1 g5 45. Qf5 h6 46. Rb1 d3 47. Rxd3 Rxc6 48. Qxd5+ Qxd5 49. Rxd5 Kf7 50. Re5 Nd2 51. Rb7+ Kf6 52. Re2 Nf3+ 53. Kf2 g4 54. a5 Kg5 55. Ra2 Kxh5 56. a6 Rxa6 1-0

[Event "HUN-chT2 Breyer 0708"]
[Site "Hungary"]
[Date "2008.03.30"]
[Round "9"]
[White "Szegi, Tamas"]
[Black "Bader, Levente"]
[Result "1-0"]
[WhiteElo "2293"]
[BlackElo "2180"]
[PlyCount "79"]
[EventDate "2007.10.14"]
[EventType "team"]
[EventRounds "11"]
[EventCountry "HUN"]
[SourceTitle "EXT 2009"]
[Source "ChessBase"]
[SourceDate "2008.11.26"]
[SourceVersion "1"]
[SourceVersionDate "2008.11.26"]
[SourceQuality "1"]
[WhiteTeam "Kisber Aszar"]
[BlackTeam "Zsambek"]
[WhiteTeamCountry "HUN"]
[BlackTeamCountry "HUN"]

1. e4 c5 2. c3 d5 3. exd5 Qxd5 4. d4 Nc6 5. Nf3 Bg4 6. Be2 e6 7. 0-0 Nf6 8. h3 Bh5 9. Be3 Rd8 10. dxc5 Qxd1 11. Rxd1 Rxd1+ 12. Bxd1 Nd5 13. g4 Nxe3 14. fxe3 Bg6 15. b4 e5 16. Nbd2 e4 17. Nd4 Ne5 18. Ba4+ Kd8 19. Bc2 h5 20. g5 Be7 21. h4 Nd3 22. Rf1 f6 23. Bxd3 exd3 24. Ne6+ Kd7 25. Nf4 Bf5 26. e4 Bg4 27. Ng6 Rd8 28. Nxe7 Kxe7 29. gxf6+ gxf6 30. Kf2 a5 31. Rb1 Ra8 32. Ke3 axb4 33. Rxb4 Rxa2 34. Rxb7+ Kd8 35. Kxd3 Ra1 36. Rf7 Rh1 37. c6 Rxh4 38. Nc4 Rh3+ 39. Kd4 Bc8 40. c7+ 1-0

[Event "HUN-chT2 Breyer 0708"]
[Site "Hungary"]
[Date "2007.10.14"]
[Round "1"]
[White "Bader, Levente"]
[Black "Ivanics, Frigyes"]
[Result "1-0"]
[WhiteElo "2180"]
[BlackElo "2128"]
[PlyCount "81"]
[EventDate "2007.10.14"]
[EventType "team"]
[EventRounds "11"]
[EventCountry "HUN"]
[SourceTitle "EXT 2009"]
[Source "ChessBase"]
[SourceDate "2008.11.26"]
[SourceVersion "1"]
[SourceVersionDate "2008.11.26"]
[SourceQuality "1"]
[WhiteTeam "Zsambek"]
[BlackTeam "Penzugyor II"]
[WhiteTeamCountry "HUN"]
[BlackTeamCountry "HUN"]

1. e4 e5 2. f4 exf4 3. Nf3 g5 4. d4 g4 5. Bxf4 gxf3 6. Qxf3 d5 7. Nc3 Qh4+ 8. Bg3 dxe4 9. Nxe4 Qg4 10. Qe3 Be7 11. Be5 Qe6 12. Bxh8 f5 13. Bb5+ Bd7 14. Nf6+ Kf7 15. Qxe6+ Bxe6 16. Nxg8 Kxg8 17. Be5 c6 18. Bd3 Nd7 19. Bf4 Bf6 20. c3 c5 21. dxc5 Nxc5 22. Bc2 Re8 23. 0-0 Bc4 24. Rfe1 Rxe1+ 25. Rxe1 Bd3 26. Bd6 Bxc2 27. Bxc5 a6 28. Bd4 Bg5 29. Kf2 Kf7 30. Kf3 Be4+ 31. Rxe4 fxe4+ 32. Kxe4 Ke6 33. g4 Bc1 34. b3 Bg5 35. a4 Be7 36. Bf2 Bf6 37. c4 Bg5 38. h4 Be7 39. h5 Bg5 40. Be3 Bf6 41. g5 1-0

[Event "HUN-chT2 Breyer 0607"]
[Site "Hungary"]
[Date "2007.05.20"]
[Round "11"]
[White "Bader, Levente"]
[Black "Eros, Gyorgy"]
[Result "1/2-1/2"]
[WhiteElo "2129"]
[BlackElo "2101"]
[PlyCount "110"]
[EventDate "2006.11.12"]
[EventType "team"]
[EventRounds "11"]
[EventCountry "HUN"]
[SourceTitle "EXT 2008"]
[Source "ChessBase"]
[SourceDate "2007.11.25"]
[SourceVersion "1"]
[SourceVersionDate "2007.11.25"]
[SourceQuality "1"]
[WhiteTeam "Zsambek"]
[BlackTeam "Vertesi Eromu"]
[WhiteTeamCountry "HUN"]
[BlackTeamCountry "HUN"]

1. c4 e6 2. Nf3 d5 3. b3 Nf6 4. Bb2 c5 5. g3 Nc6 6. Bg2 Bd6 7. 0-0 0-0 8. d3 d4 9. e4 e5 10. h3 Ne8 11. Nh4 Ne7 12. Nd2 Rb8 13. Qe2 g5 14. Nhf3 Ng6 15. Nh2 Ng7 16. Bc1 h5 17. Kh1 Be6 18. Ndf3 f6 19. Ng1 Qd7 20. Re1 Kf7 21. Qf1 h4 22. g4 b5 23. Qe2 bxc4 24. bxc4 Qa4 25. Bf3 Bd7 26. Qd2 Rb6 27. Bd1 Qa6 28. Ne2 Rfb8 29. Bc2 Ne6 30. Qd1 Bc7 31. Bd2 R6b7 32. Bb3 Ba5 33. Bxa5 Qxa5 34. Nf3 Qb4 35. Kh2 a5 36. Rb1 Qa3 37. Qc1 Qxc1 38. Rexc1 Ngf4 39. Nxf4 Nxf4 40. Bc2 Ne2 41. Rxb7 Rxb7 42. Rb1 Rxb1 43. Bxb1 Ba4 44. Nd2 Nc3 45. Kg2 Nxb1 46. Nxb1 Bc2 47. Nd2 Bxd3 48. f3 Ke7 49. Kf2 a4 50. a3 Kd6 51. Ke1 Bc2 52. Ke2 Kc6 53. Ke1 Bb3 54. Ke2 Kb6 55. Ke1 Kc6 1/2-1/2

[Event "HUN-chT2 Breyer 0607"]
[Site "Hungary"]
[Date "2007.04.29"]
[Round "9"]
[White "Bader, Levente"]
[Black "Molnar, Jozsef"]
[Result "1/2-1/2"]
[WhiteElo "2129"]
[BlackElo "2162"]
[PlyCount "114"]
[EventDate "2006.11.12"]
[EventType "team"]
[EventRounds "11"]
[EventCountry "HUN"]
[SourceTitle "EXT 2008"]
[Source "ChessBase"]
[SourceDate "2007.11.25"]
[SourceVersion "1"]
[SourceVersionDate "2007.11.25"]
[SourceQuality "1"]
[WhiteTeam "Zsambek"]
[BlackTeam "BEAC Rufusz II"]
[WhiteTeamCountry "HUN"]
[BlackTeamCountry "HUN"]

1. c4 e6 2. Nf3 d5 3. b3 c6 4. g3 Nf6 5. Bg2 Ne4 6. 0-0 Qf6 7. d4 Nd7 8. Bb2 Be7 9. Nfd2 Nxd2 10. Qxd2 Qg6 11. Nc3 Nf6 12. f3 0-0 13. e4 b6 14. e5 Nd7 15. Rf2 Ba6 16. Bf1 dxc4 17. bxc4 c5 18. Nb5 Bxb5 19. cxb5 cxd4 20. Bxd4 Rfd8 21. Qb2 Rac8 22. Rd2 Nc5 23. Bxc5 Rxc5 24. Rxd8+ Bxd8 25. Rd1 Be7 26. Rd7 Bf8 27. Bd3 Qh5 28. Kg2 Rxe5 29. Rxa7 Rd5 30. Qc2 Rc5 31. Qe2 g6 32. Ra8 Qd5 33. Qe4 Qd6 34. h4 Rd5 35. Be2 Rd4 36. Qe3 Kg7 37. h5 e5 38. h6+ Kf6 39. g4 g5 40. Rc8 Qb4 41. a3 Qe7 42. Rc6+ Rd6 43. Qxb6 Kg6 44. Rxd6+ Qxd6 45. Qxd6+ Bxd6 46. a4 Bc5 47. Bc4 f6 48. Be6 Kxh6 49. Kf1 Kg6 50. Bf5+ Kf7 51. Ke2 Ke7 52. Kd3 Kd6 53. Kc4 Bf2 54. Bxh7 Be3 55. Be4 Bf2 56. a5 Be1 57. a6 Bf2 1/2-1/2

[Event "Budapest FS12 Elo-A"]
[Site "Budapest"]
[Date "2006.12.10"]
[Round "9"]
[White "Ignacz, Rozsa"]
[Black "Bader, Levente"]
[Result "1/2-1/2"]
[WhiteElo "2069"]
[BlackElo "2096"]
[PlyCount "111"]
[EventDate "2006.12.02"]
[EventType "tourn"]
[EventRounds "13"]
[EventCountry "HUN"]
[SourceTitle "CBM 115 Extra"]
[Source "ChessBase"]
[SourceDate "2007.01.10"]
[SourceVersion "1"]
[SourceVersionDate "2007.01.10"]
[SourceQuality "1"]

1. d4 Nf6 2. c4 g6 3. Nc3 Bg7 4. e4 d6 5. Be2 0-0 6. Nf3 e5 7. 0-0 Nc6 8. d5 Ne7 9. Ne1 Nd7 10. Nd3 f5 11. f4 b6 12. Rb1 Nc5 13. Nxc5 bxc5 14. Bf3 Rb8 15. Qd3 fxe4 16. Bxe4 Nf5 17. b3 Bd7 18. Bd2 a6 19. Rbe1 exf4 20. Bxf4 Qf6 21. Ne2 Qb2 22. Qc2 Qxc2 23. Bxc2 Rbe8 24. Bg5 Nd4 25. Rxf8+ Bxf8 26. Bd3 Bg7 27. Kf2 Nf5 28. h3 h6 29. Bd2 Rf8 30. Kg1 Kh7 31. Bc3 Bxc3 32. Nxc3 Rf7 33. a3 a5 34. Na2 Kg7 35. b4 cxb4 36. axb4 axb4 37. Nxb4 Re7 38. Rxe7+ Nxe7 39. Be4 Kf6 40. Kf2 Ke5 41. Ke3 Nf5+ 42. Kd3 Ne7 43. g4 h5 44. gxh5 gxh5 45. h4 Bf5 46. Bxf5 Kxf5 47. Ke3 Kg4 48. Nd3 Kxh4 49. Kf4 c6 50. dxc6 Nxc6 51. c5 dxc5 52. Nxc5 Kh3 53. Ne4 Nd4 54. Kg5 h4 55. Nf2+ Kg3 56. Ne4+ 1/2-1/2

[Event "Budapest FS12 Elo-A"]
[Site "Budapest"]
[Date "2006.12.07"]
[Round "6"]
[White "Bader, Levente"]
[Black "Lukacs, Janos"]
[Result "1-0"]
[WhiteElo "2096"]
[BlackElo "2121"]
[PlyCount "118"]
[EventDate "2006.12.02"]
[EventType "tourn"]
[EventRounds "13"]
[EventCountry "HUN"]
[SourceTitle "CBM 115 Extra"]
[Source "ChessBase"]
[SourceDate "2007.01.10"]
[SourceVersion "1"]
[SourceVersionDate "2007.01.10"]
[SourceQuality "1"]

1. c4 Nf6 2. Nc3 g6 3. e4 d6 4. g3 Bg7 5. Bg2 0-0 6. Nge2 e5 7. d3 Nc6 8. 0-0 Be6 9. h3 Qd7 10. Kh2 Nh5 11. Ng1 a5 12. Nd5 Qd8 13. g4 Nf6 14. f4 exf4 15. Bxf4 Nd7 16. Qd2 Nce5 17. Nf3 c6 18. Ne3 Nxf3+ 19. Bxf3 Ne5 20. Bg2 Qe7 21. Rac1 c5 22. Nd5 Bxd5 23. exd5 Qd7 24. Be3 f5 25. g5 b5 26. cxb5 Qxb5 27. d4 cxd4 28. Bxd4 Nd7 29. Bxg7 Kxg7 30. Rc7 Rf7 31. Qc3+ Ne5 32. Rxf7+ Kxf7 33. Qc7+ Qd7 34. Rc1 Ke7 35. Qb6 Rc8 36. Rxc8 Qxc8 37. Qxa5 Qc1 38. Qa7+ Nd7 39. Qf2 Qxg5 40. a4 Qf6 41. a5 Qe5+ 42. Kg1 Nc5 43. a6 Nxa6 44. Qa7+ Kf6 45. Qxa6 Qd4+ 46. Kh1 Qxb2 47. Qxd6+ Kg5 48. Qg3+ Kf6 49. Qe3 Qb1+ 50. Kh2 Qb8+ 51. Kg1 f4 52. Qe6+ Kg5 53. Qe7+ Kh6 54. d6 Qb6+ 55. Kf1 Qb1+ 56. Kf2 Qc2+ 57. Kf3 Qd3+ 58. Kxf4 Qd2+ 59. Kg3 Qb4 1-0

[Event "Budapest FS12 Elo-A"]
[Site "Budapest"]
[Date "2006.12.03"]
[Round "2"]
[White "Bader, Levente"]
[Black "Kovacs, Gabor2222"]
[Result "0-1"]
[WhiteElo "2096"]
[BlackElo "2170"]
[PlyCount "92"]
[EventDate "2006.12.02"]
[EventType "tourn"]
[EventRounds "13"]
[EventCountry "HUN"]
[SourceTitle "CBM 115 Extra"]
[Source "ChessBase"]
[SourceDate "2007.01.10"]
[SourceVersion "1"]
[SourceVersionDate "2007.01.10"]
[SourceQuality "1"]

1. c4 e6 2. g3 d5 3. Bg2 Nf6 4. Nf3 c6 5. b3 Be7 6. 0-0 0-0 7. Bb2 Nbd7 8. Qc2 b6 9. d3 Bb7 10. e4 Rc8 11. Nc3 e5 12. Rfe1 d4 13. Ne2 Qc7 14. Rf1 Rcd8 15. Nd2 c5 16. h3 Nb8 17. Qd1 Nc6 18. a3 Bc8 19. f4 Bd6 20. f5 Ne8 21. g4 f6 22. Ng3 Rf7 23. Nf3 Bf8 24. Bc1 Rdd7 25. g5 h6 26. h4 Qd8 27. Ra2 Rb7 28. Bh3 Rfc7 29. Bg4 Kf7 30. Bh5+ Ke7 31. gxh6 gxh6 32. Bg6 Kd6 33. Nh2 Ne7 34. h5 Bg7 35. Bd2 Ng8 36. Ng4 Qe7 37. Qc1 Qf8 38. Bxe8 Qxe8 39. Nxh6 Bxh6 40. Bxh6 Rh7 41. Bd2 Rbg7 42. Kf2 Rxg3 43. Kxg3 Qxh5 44. Kf2 Qh4+ 45. Ke2 Qg4+ 46. Ke1 Rh2 0-1